Southville International School and Colleges
Your cart is empty.
  • Cart
  • Lists
    Public lists Eva Luna New books Lux_list list_1
    Your lists Log in to create your own lists
  • Log in to your account
  • Your cookies
  • Search history
Southville International School and Colleges
  • Advanced search
  • Recent comments
  • Most popular
  • Libraries

Log in to your account

Log in with GOOGLE


If you do not have an external account, but do have a local account, you can still log in:

  1. Home
  2. MARC view: Principles and methods of teaching /
Normal view MARC view ISBD view

Principles and methods of teaching / (Record no. 18135)

[ view plain ]
MARC details
000 -LEADER
fixed length control field 00531nam a22001937a 4500
003 - CONTROL NUMBER IDENTIFIER
control field OSt
005 - DATE AND TIME OF LATEST TRANSACTION
control field 20160811162405.0
008 - FIXED-LENGTH DATA ELEMENTS--GENERAL INFORMATION
fixed length control field 130209t xxu||||| |||| 00| 0 eng d
020 ## - INTERNATIONAL STANDARD BOOK NUMBER
International Standard Book Number 9718711082
050 ## - LIBRARY OF CONGRESS CALL NUMBER
Classification number LB 1025
Item number .G821 1976
100 ## - MAIN ENTRY--PERSONAL NAME
Personal name Gregorio, Herman C.
245 ## - TITLE STATEMENT
Title Principles and methods of teaching /
Statement of responsibility, etc Herman C. Gregorio.
260 ## - PUBLICATION, DISTRIBUTION, ETC. (IMPRINT)
Place of publication, distribution, etc Quezon City :
Name of publisher, distributor, etc R.P. Garcia,
Date of publication, distribution, etc 1976.
300 ## - PHYSICAL DESCRIPTION
Extent 580 pages ;
Dimensions 22 cm.
500 ## - GENERAL NOTE
General note Includes appendix and index.
562 ## - COPY AND VERSION IDENTIFICATION NOTE
Number of copies 1
942 ## - ADDED ENTRY ELEMENTS (KOHA)
Source of classification or shelving scheme Library of Congress Classification
Koha item type Books
Call number prefix Local
Holdings
Withdrawn status Lost status Source of classification or shelving scheme Damaged status Home library Current library Shelving location Date acquired Source of acquisition Total Checkouts Full call number Barcode Date last seen Copy number Price effective from Koha item type Sub Shelving location
    Library of Congress Classification   College Library College Library Filipiniana Section 02/09/2013 Library Fund   LB 1025 .G821Pri 1976 C4216 05/08/2018 1 02/09/2013 Books  
    Library of Congress Classification   College Library College Library Filipiniana Section 08/11/2016 Donation   LB 1025 .G821 1976 C20663 05/08/2018   08/11/2016 Books  

Principles and methods of teaching /

APA

Gregorio H. C., . (1976). Principles and methods of teaching. Quezon City: R.P. Garcia.

Chicago

Gregorio Herman C, . 1976. Principles and methods of teaching. Quezon City: R.P. Garcia.

Harvard

Gregorio H. C., . (1976). Principles and methods of teaching. Quezon City: R.P. Garcia.

MLA

Gregorio Herman C, . Principles and methods of teaching. Quezon City: R.P. Garcia. 1976.

  • Place hold
  • Print
  • Cite
  • Add to your cart (remove)
  • Save record
    BIBTEX Dublin Core MARCXML MARC (non-Unicode/MARC-8) MARC (Unicode/UTF-8) MARC (Unicode/UTF-8, Standard) MODS (XML) RIS
  • More searches
    Search for this title in:
    Other Libraries (WorldCat) Other Databases (Google Scholar) Online Stores (Bookfinder.com) Open Library (openlibrary.org)

Exporting to Dublin Core...

SOUTHVILLE LIBRARY

Southville International School and Colleges Library

1281 Tropical Ave. Cor. Luxembourg St., BF Homes International, Las Pinas City

Tel. No. 8256374 / 252358 Loc. 117/146

Powered by Koha